The Tyndale Old Testament commentaries / by Derek Kidner ; General editor: D. J. Wiseman Vol. 14a Psalms 1-72
Record details
- ISBN: 0-87784-264-7
- Physical Description: 257 p.
- Publisher: Downers Grove, Illinois Inter-Varsity Press 1973
Search for related items by series
Available copies
- 2 of 2 copies available at Common Catalog SPOK.
Holds
- 0 current holds with 2 total copies.
Show Only Available Copies
| Location | Call Number / Copy Notes | Barcode | Shelving Location | Status | Due Date |
|---|---|---|---|---|---|
| ETS Library | 221.7 | 424470000862 | Volný výběr | Available | - |
| ETS Library | 221.7 | 424470007566 | Volný výběr | Available | - |
| LDR | 00903nam a2 00277 | ||
|---|---|---|---|
| 001 | 39627 | ||
| 003 | CZ-PrJAB | ||
| 005 | 20030307000000.0 | ||
| 008 | 000615s1973 xxu e |||| |eng | ||
| 009 | us | ||
| 020 | . | ‡a0-87784-264-7 | |
| 035 | . | ‡a(CONS)9474 | |
| 035 | . | ‡aKPS7076 | |
| 040 | . | ‡aABG450 | |
| 041 | . | ‡aeng | |
| 082 | 1 | 4. | ‡a221.7 |
| 100 | . | ‡71245 ‡aKidner, Derek | |
| 245 | . | ‡aThe Tyndale Old Testament commentaries / ‡cby Derek Kidner ; General editor: D. J. Wiseman ‡nVol. 14a ‡pPsalms 1-72 | |
| 260 | . | ‡aDowners Grove, Illinois ‡bInter-Varsity Press ‡c1973 | |
| 300 | . | ‡a257 p. | |
| 490 | . | ‡aThe Tyndale Old Testament commentaries | |
| 653 | . | ‡aThe Tyndale Old Testament commentaries ‡aPsalms 1-72 | |
| 700 | . | ‡71399 ‡aWiseman, Donald J. | |
| 852 | 4 | . | ‡bETS ‡bETS ‡cVolný výběr ‡j221.7 ‡gA ‡p424470007566 |
| 852 | 4 | . | ‡bETS ‡bETS ‡cVolný výběr ‡j221.7 ‡gP ‡p424470000862 ‡xreference |
| 910 | . | ‡aABG450 | |
| 999 | . | ‡a9474 ‡bAUTOGEN ‡c9474 ‡tbiblio | |
| 905 | . | ‡uadmin | |
| 901 | . | ‡a39627 ‡b ‡c39627 ‡tbiblio ‡sets | |